Riconosci la Squadra di calcio - Quiz n°78 - Statistics

Statistiche generali
  • Questo quiz è stato fatto 5 volte
  • Il punteggio medio è 8 su 10
Statistiche sulle risposte
Indizio Risposta % Corretto
Titoli nazionali 1 Titolo d'Inghilterra
100%
Colori sociali Blu reale, bianco
100%
Divisione nazionale 2023-2024 Seconda
100%
Capienza Stadio 32 312 posti
80%
Confederazione UEFA
80%
Simboli Volpe
80%
Trofei internazionali 0
60%
Fondazione 1884
60%
Trofei nazionali 1 Coppa d'Inghilterra3 Coppe di Lega inglesi 2 Community Shield
60%
Squadra Leicester City
60%
Nessun quiz corrispondente trovato
Distribuzione punteggi
Percentuale di utenti per punteggio
Percentile per numero di risposta
I tuoi punteggi nel tempo
Non hai fatto questo quiz